Visualizzazione normale
Vista MARC
- Pinarius, Antonius,
di Personal Name
Records bibliografici associati: 1
001 - CONTROL NUMBER
- control field: 59215
003 - CONTROL NUMBER IDENTIFIER
- control field: IT-RoINE
005 - DATE AND TIME OF LATEST TRANSACTION
- control field: 20191030121241.0
008 - FIXED-LENGTH DATA ELEMENTS
- fixed length control field: 190430|| aca||aabn | a|a d
040 ## - CATALOGING SOURCE
- Original cataloging agency: IT-RoINE
- Transcribing agency: IT-RoINE
100 ## - HEADING--PERSONAL NAME
- Personal name: Pinarius, Antonius,
- Dates associated with a name: Siglo 16o.
670 ## - SOURCE DATA FOUND
- Source citation: Work cat.: (IT-RoINE): Braga. Arquidiocese. Concílio Provincial, 4, Braga 1566 59213, Concilivm Provinciale Braccaren. IIII Pontificatus Sactiss. D. N. Pij. V. anno 2. Regni vero potentiss. pijssimiq. regis nostri Sebastiani huius nois primi anno. 10. præsidente Illustriss. ac reuerediss. In Christo patre fratre Bartholomæo à Martyribus Archiepo & Dno Braccaren. huius puinciæ Metropolitano & Hispaniarum Primate. Cosidentib. Reuerendiss. In Christo patrib. Roderico Pinario Portugallen. Ioanne Soarez Conimbricen. Arganilli Comité. Antonio Pinario Miranden. Con puivincialib. Episcopis. , 1567